[Event "Sarospatak op"]
[Site "Sarospatak"]
[Date "1994.??.??"]
[Round "1"]
[White "Ackerman, Ernest"]
[Black "Petro, Jozsef"]
[Result "0-1"]
[WhiteElo "2090"]
[BlackElo "2255"]
[PlyCount "102"]
[EventDate "1994.??.??"]
[EventType "swiss"]
[EventRounds "9"]
[EventCountry "HUN"]
[SourceTitle "EXT 1999"]
[Source "ChessBase"]
[SourceDate "1998.11.16"]
[SourceVersion "1"]
[SourceVersionDate "1998.11.16"]
[SourceQuality "1"]

1. e4 c6 2. c4 g6 3. Nc3 Bg7 4. d4 d6 5. Nf3 Bg4 6. Be2 Nd7 7. 0-0 c5 8. Be3 Bxf3 9. Bxf3 cxd4 10. Bxd4 Ngf6 11. Qb3 b6 12. Bxf6 Bxf6 13. e5 Bxe5 14. Bxa8 Qxa8 15. Nd5 Qc6 16. Rad1 e6 17. Qb5 Qxb5 18. Nc7+ Ke7 19. Nxb5 a6 20. Nd4 Rc8 21. b3 h5 22. Rfe1 Nf6 23. Rd3 Ng4 24. Nf3 Bf6 25. Red1 Rd8 26. h3 Nh6 27. Nd2 Be5 28. Ne4 f5 29. Ng5 Bf6 30. Nf3 g5 31. Nd4 Bxd4 32. Rxd4 Nf7 33. f4 g4 34. hxg4 hxg4 35. Kf2 Rh8 36. b4 Re8 37. R1d3 e5 38. fxe5 dxe5 39. Rd7+ Ke6 40. Rb7 Rc8 41. b5 axb5 42. cxb5 Rc2+ 43. Kg3 f4+ 44. Kxg4 Rxg2+ 45. Kh3 Rxa2 46. Rxb6+ Kf5 47. Rg3 fxg3 48. Kxg3 Ra3+ 49. Kf2 Rb3 50. Rb8 Nd6 51. b6 Ke4 0-1